| 000 | nam a22 7a 4500 | ||
|---|---|---|---|
| 999 |
_c127119 _d127119 |
||
| 008 | 171016b xxu||||| |||| 00| 0 eng d | ||
| 050 | _aDT515.45I33 O40 | ||
| 100 |
_aOjiaku, Mazi O. _937110 |
||
| 245 |
_aThe Igbo people _bCulture and character _c/ Mazi O. Ojiaku, |
||
| 260 |
_aBradenton _bBookLocker.com _c2015 |
||
| 300 |
_axvii, 178p. ; _c22cm. |
||
| 650 |
_aIgbo ( African people) _937111 |
||
| 942 |
_2lcc _cMONOGRAPH |
||